Fundamental of Financial Management (Record no. 4338)

MARC details
005 - DATE AND TIME OF LATEST TRANSACTION
control field 20250619062008.0
020 ## - INTERNATIONAL STANDARD BOOK NUMBER
International Standard Book Number 978-81-203-5114-1
082 ## - DEWEY DECIMAL CLASSIFICATION NUMBER
Classification number 658.15 BAN
100 ## - MAIN ENTRY--PERSONAL NAME
Author name BANERJEE, B
245 ## - TITLE STATEMENT
Title Fundamental of Financial Management
250 ## - EDITION STATEMENT
Edition statement 2nd Ed.
260 ## - PUBLICATION, DISTRIBUTION, ETC.
Place of publication, distribution, etc. Delhi,
Name of publisher, distributor, etc. PHI,
Date of publication, distribution, etc. 2015
300 ## - PHYSICAL DESCRIPTION
Extent xvii,650p.; ill.; figure, table
Other physical details Appendix & Index
Dimensions 23cm
942 ## - ADDED ENTRY ELEMENTS (KOHA)
Source of classification or shelving scheme Dewey Decimal Classification
Koha item type Books
Holdings
Date last seen Total checkouts Full call number Barcode Cost, replacement price Price effective from Koha item type Lost status Source of classification or shelving scheme Damaged status Not for loan Withdrawn status Home library Current library Shelving location Date acquired Cost, normal purchase price
06/19/2025   658.15 BAN D0M0004058 75000.00 06/19/2025 Books   Dewey Decimal Classification       CBE Dodoma CBE Dodoma Reference Collection 04/25/2005 25000.00